| 000 | 00778nam a2200265 i 4500 | ||
|---|---|---|---|
| 001 | 000016206 | ||
| 003 | DO-SdBNP | ||
| 005 | 20251022102553.0 | ||
| 007 | ta | ||
| 008 | 100301s1976 dr r 000 0 spa d | ||
| 040 |
_aDO-SdBNP _bspa _cBNPHU _erda |
||
| 041 | _aspa | ||
| 082 | 4 |
_axxx _bC982r _222 |
|
| 100 | 1 |
_aCury, Jottin, _eautor _4aut. _910227 |
|
| 245 | 1 | 4 |
_aLos recursos / _cJottin Cury. |
| 264 | 1 |
_aSanto Domingo : _bTaller, _c1976. |
|
| 300 |
_a239 páginas ; _c24 cm. |
||
| 336 |
_atexto _btxt _2rdacontent |
||
| 337 |
_asin mediación _bn _2rdamedia |
||
| 338 |
_avolumen _bnc _2rdacarrier |
||
| 490 | 0 |
_aBiblioteca Taller _v64 |
|
| 500 | _aIncluye referencias bibliográficos y notas al pie de las páginas | ||
| 590 | _aInventariado, 2022/BT | ||
| 942 |
_2ddc _cLBS1 |
||
| 999 |
_c15744 _d15744 |
||